Statistics for Click the charlieonnafriday song by lyrics

Click here to take the quiz!

General Stats

  • This quiz has been taken 8 times
  • The average score is 9 of 12

Answer Stats

HintAnswer% Correct
Walked in, dirty room smell like cigarettes
And I know it's a night that I might forget
After Hours
100%
So put your hands up, we gon' party for life
And we gon' get drunk in the mountains tonight
Colorado Boulder
100%
You already walked that line
You crossed it many times
Enough
100%
Now I'm drunk right now, and I'm callin' your line
Yeah, I'm chasin' you like tequila and lime
I'm not crazy
100%
Should've known that when I let you go
That I'd be losing part of me
Thats what I get
100%
Roll around the city, hanging out the sunroof
Both folks telling us to be humble
Cheers
80%
Tennessee memories, chasing bright lights
On the road coming home in the daylight
Young and Foolish
80%
You've been drivin' me wild, I just wanna know why
You still want me when I don't pick up on your call, yeah
Fall Again
60%
Have you ever loved so much that you can't go without it
Yeah, I need you by my side
Girl U My Plug
60%
Bottles on bottles, we celebrate
Look where we at today
Undefeated
60%
Yeah, and all you ever really did was doubt me
All thoughts in my head tryna drown me
Misfit
40%
Tell me what is you wantin'
'Cause, I've been thinkin' about the two of us
Runnin'
20%

Score Distribution

Percentile by Number Answered

Percent of People with Each Score

Your Score History

You have not taken this quiz